İsmet İnönü: (Record no. 12617)

MARC details
000 -LEADER
fixed length control field 01038nam a22002657a 4500
003 - CONTROL NUMBER IDENTIFIER
control field TR-AnCHP
005 - DATE AND TIME OF LATEST TRANSACTION
control field 20211214000606.0
008 - FIXED-LENGTH DATA ELEMENTS--GENERAL INFORMATION
fixed length control field 050307s2004 tu b 001 0 tur
020 ## - INTERNATIONAL STANDARD BOOK NUMBER
International Standard Book Number 9757479918
040 ## - CATALOGING SOURCE
Original cataloging agency TVV
Transcribing agency TVV
082 ## - DEWEY DECIMAL CLASSIFICATION NUMBER
Classification number 923.1561 İnönü, İ
Item number T86i 2003
100 1# - MAIN ENTRY--PERSONAL NAME
Personal name Turan, İlhan.
245 10 - TITLE STATEMENT
Title İsmet İnönü:
Remainder of title konuşma, demeç, makale, mesaj ve söyleşileri 1933-1938 /
Statement of responsibility, etc. İlhan Turan.
260 ## - PUBLICATION, DISTRIBUTION, ETC.
Place of publication, distribution, etc. Ankara:
Name of publisher, distributor, etc. TBMM Kültür Sanat ve Yayın Kurulu Yayınları,
Date of publication, distribution, etc. 2003.
300 ## - PHYSICAL DESCRIPTION
Extent xxvı, 445 s. ;
Dimensions 24 cm.
490 1# - SERIES STATEMENT
Series statement TBMM Kültür Sanat ve Yayın Kurulu Yayınları;
Volume/sequential designation no. 98.
504 ## - BIBLIOGRAPHY, ETC. NOTE
Bibliography, etc. note Kaynakça ve dizin vardır.
505 1# - FORMATTED CONTENTS NOTE
Miscellaneous information c. 1.
Title 1933-1938.
600 10 - SUBJECT ADDED ENTRY--PERSONAL NAME
Personal name İnönü, İsmet,
Dates associated with a name 1884-1973
Form subdivision Söylev ve demeçler
650 #0 - SUBJECT ADDED ENTRY--TOPICAL TERM
Topical term or geographic name entry element İnönü, İsmet,
Active dates 1884-1973
General subdivision konuşmalar
650 #0 - SUBJECT ADDED ENTRY--TOPICAL TERM
Topical term or geographic name entry element Siyaset ve yönetim
General subdivision Türkiye
9 (RLIN) 9
650 #0 - SUBJECT ADDED ENTRY--TOPICAL TERM
Topical term or geographic name entry element Siyasetçiler
9 (RLIN) 5055
General subdivision Türkiye
-- Söylev ve demeçler
830 #0 - SERIES ADDED ENTRY--UNIFORM TITLE
Uniform title TBMM Kültür, Sanat ve Yayın Kurulu Yayınları;
Volume/sequential designation 98.
Number of part/section of a work v.1
Title of a work İsmet İnönü.
942 ## - ADDED ENTRY ELEMENTS (KOHA)
Source of classification or shelving scheme Dewey Decimal Classification
Koha item type Books
Holdings
Withdrawn status Lost status Source of classification or shelving scheme Damaged status Not for loan Home library Current library Date acquired Total Checkouts Full call number Barcode Date last seen Price effective from Koha item type
    Dewey Decimal Classification     CHP Kütüphanesi CHP Kütüphanesi 01/22/2019   923.1561 İnönü,İ T86i 2003 018730 01/22/2019 01/22/2019 Books